zpět

Detail výsledku týmu

D9vítka, Šumperk

Datum a čas kvízu

24 Celkem bodů Celkový počet nahraných bodů na tomto kvízu bez doplňovacích otázek.
6. Pořadí na kvízu Konečné umístění týmu na tomto kvízu.

Zaznamenané odpovědi

# Otázka Odpověď Body Výsledky
1. V pátek bylo překlenuto Labe p... Pardubice 0
2. Naprosté vyloučení používání m... Itálie 0
3. V pátek 12. 7. 2024 vydal Emin... 12. album 1
4. Čínské úřady tento týden přist... A) hadů 0
5. Tento 24letý český basketbalis... Vít Krejčí 0
6. Které tvrzení o starokladrubsk... B 1
7. Jak zní druhové jméno divokého... (kůň) Převalského 0
8. Kterým jedenáctipísmenným slov... hipoterapie 1
9. Jak se říká nástroji, jenž jak... udidlo 0
10. Koně jsou s člověkem spojení j... Moravskoslezský kraj 1